|
|
|
|
| LEADER |
00000nam0a2200000 4500 |
| 001 |
91266 |
| 005 |
20231031103956.0 |
| 010 |
|
|
|a 9785986930176
|
| 035 |
|
|
|a (RuTPU)RU\TPU\book\97850
|
| 090 |
|
|
|a 91266
|
| 100 |
|
|
|a 20060221d2006 m y0rusy50 ca
|
| 101 |
0 |
|
|a rus
|a eng
|
| 102 |
|
|
|a RU
|
| 105 |
|
|
|a a z 000zy
|
| 200 |
1 |
|
|a Аристократ большой игры. История Сергея Белова
|
| 210 |
|
|
|a Томск
|c Аграф-Пресс
|d 2008
|
| 215 |
|
|
|a 144 с.
|c ил.
|
| 318 |
|
|
|5 63413507
|a РОССИЯ. ЛИЧНОСТЬ. АКТУАЛЬНО.
|b выставка
|
| 330 |
|
|
|a Книга в художественно-публицистической форме представляет жизненный и спортивный путь знаменитого баскетболиста, олимпийского чемпиона Сергея Белова. Вместе с судьбой главного героя раскрывается почти полувековая, полная побед и драматических событий история томского, советского, российского и мирового баскетбола, начиная с 60-х годов XX века. Отдельные темы книги: малая родина Белова - Шегарский район Томской области и город Томск, где прошли школьные годы и началась спортивная карьера Сергея, а также судьба самых близких ему людей - родителей, Александра и Валерии Беловых, и первого тренера - Георгия Реша. Для широкого круга читателей.
|
| 600 |
|
1 |
|a Белов
|b С. А.
|c заслуженный местер спорта СССР (баскетбол)
|c заслуженный тренер РФ
|f 1944-
|g Сергей Александрович
|2 stltpush
|3 (RuTPU)RU\TPU\pers\22075
|
| 610 |
1 |
|
|a спорт
|
| 610 |
1 |
|
|a спортивные игры
|
| 610 |
1 |
|
|a баскетбол
|
| 610 |
1 |
|
|a спортсмены
|
| 675 |
|
|
|a 796.323(092)
|v 3
|
| 801 |
|
1 |
|a RU
|b 63413507
|c 20060221
|g PSBO
|
| 801 |
|
2 |
|a RU
|b 63413507
|c 20100609
|g PSBO
|
| 942 |
|
|
|c BK
|